Human-Computer Interaction

Gespeichert in:
Bibliographische Detailangaben
Hauptverfasser: Dix, Alan J (Verfasst von), Finlay, Janet E. (Verfasst von), Abowd, Gregory D. (Verfasst von), Beale, Russell (Verfasst von)
Format: Buch
Sprache:Englisch
Veröffentlicht: Harlow : Pearson Education Limited, 2004
Ausgabe:3. ed.
Schlagworte:
Tags: Tag hinzufügen
Keine Tags, Fügen Sie das erste Tag hinzu!

MARC

LEADER 00000nam a22000003a 4500
001 stu239609
005 20150617230205.6
008 111205s2004----uk------------------eng-d
020 |a 978-0-13-046109-4 
040 |a STU  |b slo 
041 0 |a eng 
044 |a uk 
100 1 |a Dix, Alan J  |4 aut 
245 1 |a Human-Computer Interaction 
250 |a 3. ed. 
260 |a Harlow :  |b Pearson Education Limited,  |c 2004 
300 |a 834 s 
650 7 |a interakcia človeka s počítačom  |2 stusub 
650 7 |a používateľské rozhrania  |2 stusub 
650 7 |a multimédiá  |2 stusub 
650 7 |a internet  |2 stusub 
700 1 |a Finlay, Janet E.  |4 aut 
700 1 |a Abowd, Gregory D.  |4 aut 
700 1 |a Beale, Russell  |4 aut 
996 |b 284IK06694  |c I*12I6276  |l II680  |s A  |a 24  |w stu239609_0001